Chicken Dishes - Sudden Death - Statistics

General Stats
  • This quiz has been taken 236 times
  • The average score is 4 of 16
Answers on the Grid
Answers color-coded by a green-red scale on the quiz's grid according to % correct below.
Cordon bleu
Coq au vin
Cobb salad
Ají de gallina
Pininyahang manok
Kedjenou
Yakitori
Shish taouk
Samgyetang
Dak-galbi
Cock-a-leekie
Tom kha kai / Tom kha gai
Backhendl
Club sandwich
Tandoori chicken
Shkmeruli
Tokneneng / Kwek-kwek
Chicharonnes
Guacamole
Nattō
Tabbouleh
Samgyeopsal
Palak paneer
Tamagoyaki
Ratatouille
Pâté chinois
Smažený sýr
Birnen, Bohnen und Speck
 
Answer Stats
Answer % Correct
Tandoori chicken
83%
Coq au vin
55%
Cordon bleu
45%
Club sandwich
43%
Cock-a-leekie
37%
Yakitori
29%
Cobb salad
23%
Ají de gallina
20%
Shish taouk
20%
Tom kha kai / Tom kha gai
17%
Dak-galbi
13%
Samgyetang
10%
Backhendl
6%
Pininyahang manok
6%
Kedjenou
3%
Shkmeruli
3%
No matching quizzes found
Score Distribution
Percent of People with Each Score
Percentile by Number Answered
Your Score History
You have not taken this quiz